00315nam a2200109Ia 4500008004100000041000800041100002300049245006000072260003100132300000800163700003400171250110s9999 xx 000 0 und d aeng aKatikaneni Sathya. aLandscape Redevelopment For Sanjeevaiah Park, Hyderabad bBNCA M Arch LA, Punec2019 a49p aGuide Name:Kolhatkar Kshitija